| 000 | 00446nam a2200145Ia 4500 | ||
|---|---|---|---|
| 008 | 220214s9999 xx 000 0 und d | ||
| 022 | _a0019-5189 | ||
| 245 | 0 | _aINDIAN JOURNAL OF EXPERIMENTAL BIOLOGY | |
| 260 |
_bCouncil of Scientific and Industrial Research, New Delhi _aIndia |
||
| 310 | _aM | ||
| 500 | _aEnding Volume & Year: 38, 2000 | ||
| 500 | _aMissing Volume: 23(5);25(9,11) | ||
| 500 | _aStarting Volume & Year: 1, 1963 | ||
| 942 | _cBJ | ||
| 999 |
_c2101 _d2101 |
||